00471nam a2200133Ia 4500008004100000020001500041041000800056082001700064100003700081245015700118250000600275260003900281300001700320210716s1999 xx 000 0 und d a8178085003 aeng a658.406 FREW aFrench, Wendell L;Bell, Cecil H. aOrganization development: behavioral science interventions for organization improvement.bBehavioral science interventions for organization improvement. a6 aNew DelhibPearson Educationc1999 avii,343/2003